HEART OF TEACHING ECONOMICS LESSONS FROM (Record no. 22093)

MARC details
000 -LEADER
fixed length control field 00349nam a2200133Ia 4500
008 - FIXED-LENGTH DATA ELEMENTS--GENERAL INFORMATION
fixed length control field 240624s9999 xx 000 0 und d
041 ## - LANGUAGE CODE
Language code of text/sound track or separate title eng
082 ## - DEWEY DECIMAL CLASSIFICATION NUMBER
Classification number 330 BOW
100 ## - MAIN ENTRY--PERSONAL NAME
Personal name BOWMAKER SIMON W
245 ## - TITLE STATEMENT
Title HEART OF TEACHING ECONOMICS LESSONS FROM
260 ## - PUBLICATION, DISTRIBUTION, ETC.
Date of publication, distribution, etc. 2010
Place of publication, distribution, etc. UK
Name of publisher, distributor, etc. Edward Elgar
300 ## - PHYSICAL DESCRIPTION
Extent xvii, : 410 : p. : cm. ; 23
365 ## - TRADE PRICE
Currency code GBP
Price amount 25
Holdings
Withdrawn status Lost status Damaged status Not for loan Home library Current library Shelving location Date acquired Source of acquisition Cost, normal purchase price Full call number Barcode Date last seen Copy number Price effective from Koha item type
        IMTN IMTN Rack 5-B 11/20/2013 TB 31.00 330 BOW 22093 06/24/2024 107 06/24/2024 Books
Designed & Maintained by: LRC IMT Nagpur Contact: lrc@imtnag.ac.in© 2024. All Rights Reserved.